Statistics for Pokémon starting with a V (generation 1-7)

Click here to take the quiz!

General Stats

  • This quiz has been taken 4 times
  • The average score is 14 of 23

Answer Stats

GenPokémon% Correct
5Vanillish
100%
5Vanillite
100%
5Vanilluxe
100%
1Venomoth
100%
3Vibrava
100%
1Victreebel
100%
5Virizion
100%
3Volbeat
100%
1Venonat
50%
1Venusaur
50%
4Vespiquen
50%
5Victini
50%
3Vigoroth
50%
7Vikavolt
50%
6Vivillon
50%
6Volcanion
50%
5Volcarona
50%
1Voltorb
50%
5Vullaby
50%
1Vaporeon
0%
5Venipede
0%
1Vileplume
0%
1Vulpix
0%

Score Distribution

Percentile by Number Answered

Percent of People with Each Score

Your Score History

You have not taken this quiz